Khảo sát thành phần loài COPEPODA ở vùng ven biển phía Đông và phía Tây đồng bằng sông Cửu Long : Luận văn tốt nghiệp cao học. Ngành nuôi trồng thủy sản

Nội dung đề tài nghiên cứu: Khảo sát thành phần loài copepoda trong đó có 2 loài ( Schmackeria dubia và Oithona simplex) cho nghiên cứu nuôi sinh khối nhằm đánh giá nhu cầu cung cấp thức ăn cho ấu trùng cá biển

Uloženo v:
Podrobná bibliografie
Hlavní autor: Đỗ, Quốc Khánh
Médium: Kniha
Jazyk:Undetermined
Vydáno: Cần Thơ Trường Đại học Cần Thơ 2014
Témata:
Tagy: Přidat tag
Žádné tagy, Buďte první, kdo otaguje tento záznam!
Thư viện lưu trữ: Trung tâm Học liệu Trường Đại học Cần Thơ
LEADER 01182nam a2200217Ia 4500
001 CTU_197925
008 210402s9999 xx 000 0 und d
082 |a 639.8 
082 |b Kh107 
088 |a 60620301 
100 |a Đỗ, Quốc Khánh 
245 0 |a Khảo sát thành phần loài COPEPODA ở vùng ven biển phía Đông và phía Tây đồng bằng sông Cửu Long : 
245 0 |b Luận văn tốt nghiệp cao học. Ngành nuôi trồng thủy sản 
245 0 |c Đỗ Quốc Khánh ; Vũ Ngọc Út (Người hướng dẫn) 
260 |a Cần Thơ 
260 |b Trường Đại học Cần Thơ 
260 |c 2014 
520 |a Nội dung đề tài nghiên cứu: Khảo sát thành phần loài copepoda trong đó có 2 loài ( Schmackeria dubia và Oithona simplex) cho nghiên cứu nuôi sinh khối nhằm đánh giá nhu cầu cung cấp thức ăn cho ấu trùng cá biển 
650 |a Nuôi trồng thủy sản,Aquaculture 
904 |i Trần Thị Minh Thư (Tuyến) 
980 |a Trung tâm Học liệu Trường Đại học Cần Thơ